| 000 | 00488nam a2200193Ia 4500 | ||
|---|---|---|---|
| 005 | 20250108060358.0 | ||
| 008 | 240331s9999 xx 000 0 und d | ||
| 020 | _a0415016983 | ||
| 082 |
_bJEN _23618 _a305.3 |
||
| 100 | _aChapman, J | ||
| 245 | 0 | _aPolitics, Feminism and the Reformation of Gender | |
| 260 |
_aLondon _bRoutledge _c1993 |
||
| 260 |
_aNew York _bRoutledge _c1993 |
||
| 300 | _axx, 315 p., | ||
| 650 | _aGender | ||
| 650 | _aFeminism | ||
| 650 | _aPolitics | ||
| 942 | _cL | ||
| 999 |
_c1558 _d1558 |
||